000 00461nam a2200169Ia 4500
003 GCL
008 140319s9999 xx 000 0 eng d
040 _aGCL /
_cGCL
082 0 4 _a368.973
_bT H
100 1 _aGRAHAME, THOMPSON
245 1 0 _aTHE UNITED STATES IN THE TWENTIETH CENTURY MARKETS /
_cGRAHAME, THOMPSON
260 _a[S.N] :
_bHODDER AND STOUGHTON ،
_c1994
300 _a296 P
650 0 4 _aUNITED STATES
650 0 4 _aMARKETS
942 _2ddc
_cBK
999 _c24973
_d24973